Implementación de un codificador y decodificador fuente utilizando el algoritmo de codificación aritmética
Guardat en:
| Autor principal: | |
|---|---|
| Format: | Llibre |
| Publicat: |
[San José, Costa Rica]
2008
|
| Matèries: | |
| Etiquetes: |
Afegir etiqueta
Sense etiquetes, Sigues el primer a etiquetar aquest registre!
|
MARC
| LEADER | 00000nam a2200000Ia 4500 | ||
|---|---|---|---|
| 003 | 001167 | ||
| 005 | 20221231144058.0 | ||
| 008 | 140114s2008 c a 000 ||s d | ||
| 040 | |c cru CEDI | ||
| 090 | |a TFG 5690 | ||
| 100 | |a Morales Chacón, Oscar Andrés |9 4267 | ||
| 245 | |a Implementación de un codificador y decodificador fuente utilizando el algoritmo de codificación aritmética | ||
| 260 | |c 2008 |b [San José, Costa Rica] | ||
| 300 | |a xii, 124 páginas | ||
| 500 | |a Proyecto de graduación (bachillerato en ingeniería eléctrica)--Universidad de Costa Rica. Facultad de Ingeniería. Escuela de Ingeniería Eléctrica | ||
| 650 | |x COMUNICACIONES DIGITALES |x SISTEMAS DE TRANSMISION DE DATOS |x REGULADORES ELECTRICOS |x INGENIERÍA ELÉCTRICA |x CONVERTIDORES ANALOGICO - DIGITALES |x CONVERTIDORES DIGITALES-ANALOGICO |9 4268 | ||
| 942 | |c TFG | ||
| 999 | |c 16569 |d 16569 | ||
